| 000 | 00865nam0a22002531 4500 | ||
|---|---|---|---|
| 001 | rc\639257 | ||
| 005 | 20250621193521.0 | ||
| 035 | _a(NLR Aleph) 005880736 | ||
| 090 |
_a6075253 _c6075253 |
||
| 100 | _a20031121d1986 |||y0rusy50 ca | ||
| 101 | 0 | _arus | |
| 102 | _aRU | ||
| 105 | _aa ||||||||| | ||
| 200 | 1 |
_aПамятники природы Куйбышевской области _f[С. Власов и др. _gПредисл. М. Горелова] |
|
| 205 | _a[Доп. и перераб. изд.] | ||
| 210 |
_aКуйбышев _cКн. изд-во _d1986 |
||
| 215 |
_a156, [1] с. _cил. _d20 |
||
| 300 | _aЗагл. предыдущего изд.: Сокровища волжской природы | ||
| 702 | 1 |
_aВласов _bС. _4220 |
|
| 801 | 0 |
_aRU _bNLR _gpsbo |
|
| 801 | 1 |
_aRU _bELAR _2rusmarc |
|
| 852 |
_aNLR _j85-3/14495 |
||
| 942 | _cBOOK | ||
| 980 | _aNB | ||